[Event "FRA AJEC/5164 corr"]
[Site "France"]
[Date "2002.??.??"]
[Round "?"]
[White "Sonnet, Jean Pierre"]
[Black "Tyrant, Pierre"]
[Result "1-0"]
[WhiteElo "2243"]
[BlackElo "2217"]
[PlyCount "29"]
[EventDate "2002.??.??"]
[EventType "tourn"]
[EventRounds "8"]
[EventCountry "FRA"]
[SourceTitle "Corr 2004"]
[Source "ChessBase"]
[SourceDate "2003.04.28"]
[SourceVersion "3"]
[SourceVersionDate "2003.04.28"]
[SourceQuality "1"]

1. Nf3 Nf6 2. g3 d5 3. Bg2 c6 4. 0-0 Bg4 5. d3 Nbd7 6. Nbd2 e5 7. e4 dxe4 8. dxe4 Bc5 9. h3 Bh5 10. Qe1 0-0 11. Nc4 Re8 12. a4 Nb6 13. Na3 Rb8 14. Nh4 Nc8 15. b4 1-0

[Event "Cannes"]
[Site "Cannes"]
[Date "1999.??.??"]
[Round "1"]
[White "Machin, Guillaume"]
[Black "Tyrant, Pierre"]
[Result "1/2-1/2"]
[WhiteElo "2069"]
[BlackElo "2240"]
[PlyCount "57"]
[EventDate "1999.02.??"]
[EventType "k.o."]
[EventRounds "7"]
[EventCountry "FRA"]
[SourceTitle "EXT 2000"]
[Source "ChessBase"]
[SourceDate "1999.11.16"]
[SourceVersion "1"]
[SourceVersionDate "1999.11.16"]
[SourceQuality "1"]

1. e4 e6 2. d3 d5 3. Nd2 Nf6 4. Ngf3 c5 5. g3 Nc6 6. Bg2 Be7 7. 0-0 0-0 8. Re1 Qc7 9. e5 Nd7 10. Qe2 b5 11. Nf1 Bb7 12. h4 Rfe8 13. Bf4 Rac8 14. c3 b4 15. N1h2 Qa5 16. c4 dxc4 17. dxc4 Rcd8 18. Nf1 Nf8 19. h5 Qb6 20. h6 g6 21. N1d2 Rd7 22. Ne4 Nd4 23. Nxd4 Bxe4 24. Bxe4 Rxd4 25. Bg2 Red8 26. Be3 R4d7 27. Qg4 Qc7 28. f4 a5 29. Be4 1/2-1/2

[Event "Cannes"]
[Site "Cannes"]
[Date "1999.??.??"]
[Round "1"]
[White "Tyrant, Pierre"]
[Black "Machin, Guillaume"]
[Result "0-1"]
[WhiteElo "2240"]
[BlackElo "2069"]
[PlyCount "90"]
[EventDate "1999.02.??"]
[EventType "k.o."]
[EventRounds "7"]
[EventCountry "FRA"]
[SourceTitle "EXT 2000"]
[Source "ChessBase"]
[SourceDate "1999.11.16"]
[SourceVersion "1"]
[SourceVersionDate "1999.11.16"]
[SourceQuality "1"]

1. d4 d5 2. c4 c6 3. Nc3 Nf6 4. e3 e6 5. Nf3 Nbd7 6. Bd3 dxc4 7. Bxc4 b5 8. Bd3 a6 9. 0-0 c5 10. b3 Bb7 11. Bb2 Be7 12. Rc1 0-0 13. Bb1 Bxf3 14. Qxf3 cxd4 15. exd4 Nb6 16. Ne4 Nbd5 17. Nc5 Qb6 18. Nd3 Rac8 19. Ne5 Qb7 20. Rfe1 Rxc1 21. Rxc1 Rc8 22. Rd1 Qb6 23. h4 Bf8 24. g4 Qb7 25. g5 Ne8 26. h5 g6 27. Ng4 Qe7 28. hxg6 hxg6 29. Rc1 Rxc1+ 30. Bxc1 Bg7 31. Qd1 Nc3 32. Qc2 Nxb1 33. Qxb1 Bxd4 34. Qd3 Bg7 35. Bf4 e5 36. Be3 Qe6 37. f3 Nd6 38. Bc5 Nb7 39. Be3 Qc6 40. Kf2 Nd6 41. Nf6+ Bxf6 42. gxf6 e4 43. Qd1 exf3 44. Bf4 Ne4+ 45. Ke3 Nxf6 0-1

[Event "Cannes op"]
[Site "Cannes"]
[Date "1992.??.??"]
[Round "?"]
[White "Tyrant, Pierre"]
[Black "Dorfman, Josif D"]
[Result "0-1"]
[WhiteElo "2290"]
[BlackElo "2605"]
[PlyCount "60"]
[EventDate "1992.02.??"]
[EventType "swiss"]
[EventRounds "9"]
[EventCountry "FRA"]
[SourceTitle "TD"]
[Source "ChessBase"]
[SourceDate "1994.03.01"]
[SourceVersion "1"]
[SourceVersionDate "1994.03.01"]
[SourceQuality "1"]

1. d4 Nf6 2. c4 g6 3. Nc3 d5 4. cxd5 Nxd5 5. e4 Nxc3 6. bxc3 Bg7 7. Be3 c5 8. Qd2 cxd4 9. cxd4 0-0 10. Nf3 Nc6 11. Be2 Bg4 12. Rd1 Qa5 13. 0-0 Rfc8 14. Qxa5 Nxa5 15. Rc1 a6 16. Rfd1 b5 17. h3 Bxf3 18. Bxf3 Nc4 19. e5 Rab8 20. Bf4 e6 21. Re1 Nb6 22. Rxc8+ Rxc8 23. Bb7 Rb8 24. Bf3 a5 25. Rb1 b4 26. a3 bxa3 27. Bc1 Bf8 28. Be2 a2 29. Ra1 Nd5 30. Rxa2 Rb1 0-1

[Event "Val Maubuee op"]
[Site "Val Maubuee"]
[Date "1989.??.??"]
[Round "?"]
[White "Conan, Claude"]
[Black "Tyrant, Pierre"]
[Result "0-1"]
[WhiteElo "2090"]
[BlackElo "1980"]
[PlyCount "48"]
[EventDate "1989.04.??"]
[EventType "swiss"]
[EventRounds "9"]
[EventCountry "FRA"]
[SourceTitle "TD"]
[Source "ChessBase"]
[SourceDate "1994.03.01"]
[SourceVersion "1"]
[SourceVersionDate "1994.03.01"]
[SourceQuality "1"]

1. d4 e6 2. c4 f5 3. g3 Nf6 4. Bg2 d5 5. Nf3 c6 6. b3 Bd6 7. 0-0 Qe7 8. Qc2 0-0 9. Nc3 Nbd7 10. Bb2 Ne4 11. Ne1 g5 12. Nxe4 dxe4 13. Rd1 Nf6 14. f3 e3 15. f4 gxf4 16. gxf4 Ng4 17. Rd3 Qh4 18. Nf3 Qh6 19. h3 Bxf4 20. hxg4 fxg4 21. Rfd1 gxf3 22. exf3 Qh2+ 23. Kf1 e5 24. Qe2 Bh3 0-1